00253nam a22001097a 4500008004100000020001500041041000800056080000800064100000700072101000800079245005600087181012b xxu||||| |||| 00| 0 eng d a0292776144 aeng a316 a50 aSOC aThe Social Production of Urban SpacecGottdiener, M